Statistics for People on Currency Quiz

Click here to take the quiz!

General Stats

  • This quiz has been taken 76 times
  • The average score is 9 of 19

Answer Stats

Coin/NotePerson% Correct
US 25¢ and $1 NoteGeorge Washington
94%
US 1¢ and $5 NotesAbraham Lincoln
89%
US 5¢ and $2 NoteThomas Jefferson
83%
US $100Benjamin Franklin
80%
US 10¢Franklin D Roosevelt
69%
Canadian $20Queen Elizabeth II
68%
US $10Alexander Hamilton
58%
UK £5Winston Churchill
57%
US 50¢John F Kennedy
55%
US $50Ulysses S Grant
55%
US $20Andrew Jackson
54%
US $1 CoinSacagawea
29%
UK £10Jane Austen
26%
Canadian $50William Lyon Mackenzie King
23%
UK £20JMW Turner
20%
UK £50Alan Turing
17%
Canadian $5Wilfrid Laurier
12%
Canadian $100Robert Borden
6%
Canadian $10Viola Desmond
6%

Score Distribution

Percentile by Number Answered

Percent of People with Each Score

Your Score History

You have not taken this quiz